| 000 -LEADER |
| fixed length control field |
02213cas a2200517 a 4500 |
| 001 - CONTROL NUMBER |
| control field |
13517300 |
| 003 - CONTROL NUMBER IDENTIFIER |
| control field |
NUST |
| 005 - DATE AND TIME OF LATEST TRANSACTION |
| control field |
20220813170905.0 |
| 008 - FIXED-LENGTH DATA ELEMENTS--GENERAL INFORMATION |
| fixed length control field |
040310c19 |
| 010 ## - LIBRARY OF CONGRESS CONTROL NUMBER |
| LC control number |
2005213853 |
| Canceled/invalid LC control number |
89013018 |
| -- |
92005851 |
| -- |
97168279 |
| -- |
2003269667 |
| 022 0# - INTERNATIONAL STANDARD SERIAL NUMBER |
| International Standard Serial Number |
1554-9097 |
| Source |
1 |
| 035 ## - SYSTEM CONTROL NUMBER |
| System control number |
(OCoLC)ocm46764782 |
| 037 ## - SOURCE OF ACQUISITION |
| Source of stock number/acquisition |
National Geographic Society, 1145 17th St., NW, Washington, DC 20036-4688 |
| 040 ## - CATALOGING SOURCE |
| Original cataloging agency |
LPU |
| Language of cataloging |
eng |
| Transcribing agency |
LPU |
| Modifying agency |
OMP |
| -- |
TJC |
| -- |
OCLCQ |
| -- |
NSD |
| -- |
DLC |
| -- |
VP@ |
| -- |
OCLCQ |
| -- |
OCLCF |
| -- |
YDXCP |
| -- |
OCLCQ |
| -- |
HRF |
| -- |
OCLCO |
| -- |
WYU |
| -- |
ZQP |
| 042 ## - AUTHENTICATION CODE |
| Authentication code |
nsdp |
| -- |
lccopycat |
| 043 ## - GEOGRAPHIC AREA CODE |
| Geographic area code |
n-us--- |
| 050 00 - LIBRARY OF CONGRESS CALL NUMBER |
| Classification number |
E160 |
| Item number |
.N244 |
| 082 00 - DEWEY DECIMAL CLASSIFICATION NUMBER |
| Classification number |
917.304/931 |
| Edition number |
22 |
| 222 #0 - KEY TITLE |
| Key title |
National Geographic's guide to the national parks of the United States |
| 245 00 - TITLE STATEMENT |
| Title |
National Geographic's guide to the national parks of the United States. |
| 246 1# - VARYING FORM OF TITLE |
| Title proper/short title |
National Geographic guide to the national parks of the United States |
| 246 1# - VARYING FORM OF TITLE |
| Display text |
Issues for 2012- have title: |
| Title proper/short title |
National Geographic guide to national parks of the United States |
| 246 30 - VARYING FORM OF TITLE |
| Title proper/short title |
Guide to the national parks of the United States |
| 246 30 - VARYING FORM OF TITLE |
| Title proper/short title |
National parks of the United States |
| 246 30 - VARYING FORM OF TITLE |
| Title proper/short title |
Guide to national parks of the United States |
| 260 ## - PUBLICATION, DISTRIBUTION, ETC. |
| Place of publication, distribution, etc. |
Washington, D.C. : |
| Name of publisher, distributor, etc. |
National Geographic Society, |
| Date of publication, distribution, etc. |
2021. |
| 300 ## - PHYSICAL DESCRIPTION |
| Extent |
526p |
| Other physical details |
illustrations, maps ; |
| Dimensions |
22 cm |
| 336 ## - CONTENT TYPE |
| Content type term |
text |
| Content type code |
txt |
| Source |
rdacontent |
| 337 ## - MEDIA TYPE |
| Media type term |
unmediated |
| Media type code |
n |
| Source |
rdamedia |
| 338 ## - CARRIER TYPE |
| Carrier type term |
volume |
| Carrier type code |
nc |
| Source |
rdacarrier |
| 362 0# - DATES OF PUBLICATION AND/OR SEQUENTIAL DESIGNATION |
| Dates of publication and/or sequential designation |
1st ed.- |
| 588 ## - SOURCE OF DESCRIPTION NOTE |
| Source of description note |
Latest issue consulted: 7th ed. copyrighted in 2012. |
| 650 #0 - SUBJECT ADDED ENTRY--TOPICAL TERM |
| Topical term or geographic name entry element |
Parks |
| Geographic subdivision |
United States |
| Form subdivision |
Guidebooks. |
| 9 (RLIN) |
97064 |
| 650 #7 - SUBJECT ADDED ENTRY--TOPICAL TERM |
| Topical term or geographic name entry element |
Parks. |
| Source of heading or term |
fast |
| Authority record control number or standard number |
(OCoLC)fst01053705 |
| 9 (RLIN) |
33616 |
| 651 #0 - SUBJECT ADDED ENTRY--GEOGRAPHIC NAME |
| Geographic name |
United States |
| Form subdivision |
Guidebooks. |
| 9 (RLIN) |
97065 |
| 651 #7 - SUBJECT ADDED ENTRY--GEOGRAPHIC NAME |
| Geographic name |
United States. |
| Source of heading or term |
fast |
| Authority record control number or standard number |
(OCoLC)fst01204155 |
| 655 #7 - INDEX TERM--GENRE/FORM |
| Genre/form data or focus term |
Guidebooks. |
| Source of term |
lcgft |
| 9 (RLIN) |
91586 |
| 655 #7 - INDEX TERM--GENRE/FORM |
| Genre/form data or focus term |
Guidebooks. |
| Source of term |
fast |
| Authority record control number |
(OCoLC)fst01423871 |
| 9 (RLIN) |
91586 |
| 710 2# - ADDED ENTRY--CORPORATE NAME |
| Corporate name or jurisdiction name as entry element |
National Geographic Society (U.S.) |
| 9 (RLIN) |
23302 |
| 906 ## - LOCAL DATA ELEMENT F, LDF (RLIN) |
| a |
7 |
| b |
cbc |
| c |
serials |
| d |
2 |
| e |
ncip |
| f |
20 |
| g |
n-oclcserc |
| 942 ## - ADDED ENTRY ELEMENTS (KOHA) |
| Source of classification or shelving scheme |
|
| Koha item type |
Lincoln Corner |